| 000 | 01237nam a2200229Ia 4500 | ||
|---|---|---|---|
| 999 |
_c34447 _d34447 |
||
| 001 | 191 | ||
| 003 | GE_BSU | ||
| 005 | 20250214112737.0 | ||
| 008 | 181216s2003||||ge |||||||||||||| ||geo|| | ||
| 040 | _cGE_BSU | ||
| 041 | _ageo | ||
| 080 | _a321(479.22)+327(479.22)+339.1(479.22) გ-12 | ||
| 100 |
_aგაბიძაშვილი, თედორე _924363 |
||
| 245 |
_aგარდამავალი ქვეყნის რეფორმები ნ.1. სახელმწიფოს განვითარების დაჩქარების სტრატეგია და ლოგიკა / _cთედორე გაბიძაშვილი; ბოლოთქმა ჯ. კახიანი. |
||
| 264 |
_aთბილისი, _c2003. |
||
| 300 |
_a174 გვ.; _b ცხრ. |
||
| 653 | _aგარდამავალი ქვეყნის რეფორმები | ||
| 653 | _aქართული სახლმწიფო ხელისუფლება | ||
| 653 | _aდემოკრატია საქართველოში | ||
| 700 |
_aკახიანი, ჯ. _eბოლოსიტყვაობის ავტორი _924364 |
||
| 942 |
_cBK _2udc |
||